| 000 | 06853cam a22018734i 4500 | ||
|---|---|---|---|
| 003 | PE-LiUPU | ||
| 005 | 20250813165822.0 | ||
| 008 | 150706s2010 pe a r 000 0 spa d | ||
| 020 | _a612401128X | ||
| 020 | _a9786124011283 | ||
| 035 | _a(Sirsi) i9786124011283 | ||
| 040 |
_aPE-LiUPU _bspa _cPE-LiUPU _dPE-LiUPU _erda |
||
| 049 | _aPRUA | ||
| 082 | 0 | 4 |
_a616.6 _bA581 _221 |
| 100 | 1 |
_aAngulo Ramírez, Ricardo, _eautor. |
|
| 245 | 1 | 0 |
_aCiencia y mística en la medicina : _btestimonio de ética hipocrática / _cRicardo Angulo Ramírez. |
| 264 | 1 |
_aLima : _bAsamblea Nacional de Rectores, _c2010. |
|
| 300 |
_a366 páginas : _bilustraciones ; _c24 centímetros |
||
| 336 |
_atext _2rdacontent |
||
| 337 |
_aunmediated _2rdamedia |
||
| 338 |
_avolume _2rdacarrier |
||
| 505 | 0 | _aMedicina, Universidad Nacional de San Marcos, abril de 1929 -- Trabajos científicos reunidos de revistas de Medicina nacional y extranjeras entre 1929 y 1969 -- Estado actual del tratamiento de la tuberculosis genital del hombre 1937 -- La profilaxis antivenérea entre nosotros. 1933 -- Tratamiento quirúrgico en la tuberculosis genital del hombre 1937 -- Torsión del cordón espermático, 1938 (Rev. Argentina de Urología) -- La lucha contra la sífilis y la enfermedad venérea, 1942 -- Nuestra experiencia en el tratamiento hormonal del cáncer de la próstata. 1947 -- Prostatectomía perineal (Boletín 10), 1947 -- Prostatectomía perineal (Boletín 11), 1947 -- Tratamiento de los adenomas y del cáncer de la próstata por vía perineal .1949 -- Tratamiento del cáncer de la vejiga, 1947 -- Litiasis uretral, 1948 -- Evolución del tratamiento quirúrgico de la tuberculosis urogenital en Lima, 1949 -- Tratamiento de urgencias de los traumatismos del aparato urinario. 1951 -- Poyorchism and cryptorchism: report of case, 1957 (Poli orquídea y Criptorquidia: informe en un caso) -- A recurrent nonfunctioning tumor or the adrenal capsule: case report, 1957 (Tumor no funcionan te de la cápsula suprarrenal: recidiva) -- Control de las hemorragias en la prostatectomía hipogástrica, 1959 -- Hidronefrosis en riñón solitario, tratamiento quirúrgico, 1960 -- Un caso de poli-orquidismo, 1960 -- Diagnóstico y tratamiento de las obstrucciones de la pelvis renal y del uréter, 1962 -- Nefrectomía parcial en litiasis renal, 1963 -- Reflujo vésico-ureteral, 1964 -- Nefrectomía parcial 1965 -- Tumor recidivante no funcionan te de cápsulas suprarrenal, 1960 -- Cáncer de la próstata -- Terapia intravesical con Adriamicina aplicada a pacientes con tumores superficiales en vejiga, años 60.- Discursos reunidos en Congreso, homenajes, etc, entre 1929 y 1960. | |
| 526 | _aP203 | ||
| 526 | _aP200 | ||
| 526 | _aSEG65 | ||
| 526 | _aSEG64 | ||
| 526 | _aSEG63 | ||
| 526 | _aSEG62 | ||
| 526 | _aSEG61 | ||
| 526 | _aSEG60 | ||
| 526 | _aSEG59 | ||
| 526 | _aSEG58 | ||
| 526 | _aSEG57 | ||
| 526 | _aSEG56 | ||
| 526 | _aSEG55 | ||
| 526 | _aSEG54 | ||
| 526 | _aSEG53 | ||
| 526 | _aSEG52 | ||
| 526 | _aSEG51 | ||
| 526 | _aSEG50 | ||
| 526 | _aSEG49 | ||
| 526 | _aSEG48 | ||
| 526 | _aSEG47 | ||
| 526 | _aSEG46 | ||
| 526 | _aSEG24 | ||
| 526 | _aSEG23 | ||
| 526 | _aSEG22 | ||
| 526 | _aSEG21 | ||
| 526 | _aSEG20 | ||
| 526 | _aSEG19 | ||
| 526 | _aSEG18 | ||
| 526 | _aSEG17 | ||
| 526 | _aSEG16 | ||
| 526 | _aSEG14 | ||
| 526 | _aSEG13 | ||
| 526 | _aSEG12 | ||
| 526 | _aSEG11 | ||
| 526 | _aSEG10 | ||
| 526 | _aSEG09 | ||
| 526 | _aSEG06 | ||
| 526 | _aSEG05 | ||
| 526 | _aSEG04 | ||
| 526 | _aSEG03 | ||
| 526 | _aSEG02 | ||
| 526 | _aSEG68 | ||
| 526 | _aSEG66 | ||
| 526 | _aSEG45 | ||
| 526 | _aSEG25 | ||
| 526 | _aSEG01 | ||
| 526 | _aP163 | ||
| 526 | _aP162 | ||
| 526 | _aP161 | ||
| 526 | _aP160 | ||
| 526 | _aP159 | ||
| 526 | _aP158 | ||
| 526 | _aP157 | ||
| 526 | _aP156 | ||
| 526 | _aP155 | ||
| 526 | _aP154 | ||
| 526 | _aP153 | ||
| 526 | _aP152 | ||
| 526 | _aP151 | ||
| 526 | _aP150 | ||
| 526 | _aP149 | ||
| 526 | _aP142 | ||
| 526 | _aP141 | ||
| 526 | _aP140 | ||
| 526 | _aP139 | ||
| 526 | _aP138 | ||
| 526 | _aP137 | ||
| 526 | _aP132 | ||
| 526 | _aP131 | ||
| 526 | _aP130 | ||
| 526 | _aP126 | ||
| 526 | _aP125 | ||
| 526 | _aP124 | ||
| 526 | _aP123 | ||
| 526 | _aP115 | ||
| 526 | _aP122 | ||
| 526 | _aP121 | ||
| 526 | _aP116 | ||
| 526 | _a P114 | ||
| 526 | _aP112 | ||
| 526 | _aP111 | ||
| 526 | _aP104 | ||
| 526 | _aP103 | ||
| 526 | _aP102 | ||
| 526 | _aP101 | ||
| 526 | _aP100 | ||
| 526 | _aP96 | ||
| 526 | _aP95 | ||
| 526 | _aP93 | ||
| 526 | _aP92 | ||
| 526 | _aP91 | ||
| 526 | _aP88 | ||
| 526 | _aP83 | ||
| 526 | _aP82 | ||
| 526 | _aP79 | ||
| 526 | _aP78 | ||
| 526 | _aP75 | ||
| 526 | _aP74 | ||
| 526 | _aP71 | ||
| 526 | _aP69 | ||
| 526 | _a P51 | ||
| 526 | _aP49 | ||
| 526 | _aP48 | ||
| 526 | _aP47 | ||
| 526 | _aP33 | ||
| 526 | _aP31 | ||
| 526 | _a P30 | ||
| 526 | _aP29 | ||
| 526 | _aP27 | ||
| 526 | _aP26 | ||
| 526 | _aP25 | ||
| 526 | _aP24 | ||
| 526 | _a P22 | ||
| 526 | _aP10 | ||
| 526 | _aP09 | ||
| 526 | _a P08 | ||
| 526 | _aP06 | ||
| 526 | _aP05 | ||
| 526 | _aP04 | ||
| 526 | _aP01 | ||
| 650 | 0 | 4 |
_aUrología _vTesis y disertaciones académicas. |
| 910 |
_bjv _cng _d20110404 |
||
| 942 |
_2ddc _cBOOK |
||
| 949 |
_a616.6 A58 1 _wDEWEY _c1 _i62700 _lCCODEBUL1 _mBUL _p16.00 _r0 _sY _tBOOK _u2015-7-6 _xSALUD _zUNKNOWN _0COMPRA _o.STAFF. Colección Ciencias de la Salud |
||
| 949 |
_a616.6 A58 1 _wDEWEY _c2 _i62699 _lCCODEBUL1 _mBUL _p16.00 _r0 _sY _tBOOK _u2015-7-6 _xSALUD _zUNKNOWN _0COMPRA _o.STAFF. Colección Ciencias de la Salud |
||
| 949 |
_a610.6 A61 T1 2010 _wDEWEY _c1 _iFJ06113 _lCCODEBUJ1 _mBUJ _p20.00 _r0 _sY _tBOOK _u2017-10-24 _xSALUD _PP33 _0COMPRA _o.STAFF -- Colección General Juliaca |
||
| 994 |
_aC0 _bPEPRU |
||
| 596 | _a1 3 | ||
| 999 |
_a616.6 A58 1 _wDEWEY _c51791 _i62700 _f2021-11-4 _g5 _lCCODEBUL1 _mBUL _p16.00 _r0 _sY _tBOOK _u2015-7-6 _xSALUD _zUNKNOWN _0COMPRA _o.STAFF. Colección Ciencias de la Salud _d51791 |
||
| 999 |
_a616.6 A58 1 _wDEWEY _c2 _i62699 _f2021-11-4 _g5 _lCCODEBUL1 _mBUL _p16.00 _r0 _sY _tBOOK _u2015-7-6 _xSALUD _zUNKNOWN _0COMPRA _o.STAFF. Colección Ciencias de la Salud |
||
| 999 |
_a610.6 A61 T1 2010 _wDEWEY _c1 _iFJ06113 _d2018-5-28 _f2022-1-25 _g3 _lCCODEBUJ1 _mBUJ _p20.00 _q2 _r0 _sY _tBOOK _u2017-1-26 _xSALUD _PP22 _0COMPRA _o.STAFF. Colección General Juliaca |
||
| 999 |
_a610.6 A61 T1 2010 _wDEWEY _c2 _iFJ06114 _d2017-10-17 _f2022-1-25 _g3 _lCCODEBUJ1 _mBUJ _p20.00 _q1 _r0 _sY _tBOOK _u2017-1-26 _xSALUD _PP22 _0COMPRA _o.STAFF. Colección General Juliaca |
||
| 980 |
_81 _gALBERTO SANCHEZ Responsable de Automatización |
||